01550nam a2200241 i 4500001000700000003000900007005001700016008004100033017005200074080003100126100003500157245009600192260019700288300012600485520033400611610005100945610005300996700003901049710003901088710003301127852008501160852006301245183048ES-MaACL20250806063142.0140114s2011 sp a |||| | spa d aM 19286-2011 bOficina Depósito Legal Madrid  a377.6(460.27 M.):738(091) 1 aAnasagasti Lozano, Isabeleaut13aLa Escuela de Cerámica de Madrid (1911-2011) / c[autora texto, Isabel Anasagasti Lozano] a[Madrid] : bComunidad de Madrid, Dirección General de Educación Secundaria y Enseñanzas Profesionales : bAyuntamiento de Madrid, Dirección General de Educación y Juventud, c[2011] a53 páginas : bilustraciones (blanco y negro y color) ; c21 cm + e1 DVD-Vídeo / autor, Miguel Ángel Peña Marí aObra publicada con motivo del centenario de la fundación Escuela de Cerámica de Madrid, dentro de las actividades en memoria del fundador Francisco Alcántara y en homenaje a los profesionales, docentes, artistas y técnicos de una de las experiencias educativas, intelectuales y artísticas más innovadoras del siglo XX24aEscuela de Cerámica de la Moncloa-vHistoria24aEscuela de Arte Francisco Alcántara-vHistoria1 aPeña Marí, Miguel Ángeleclb1 aMadrid (Comunidad Autónoma)eedt1 aMadrid. bAyuntamiento eedt aES-MaACLbR.149817cDEPO1dOlim: N-6008hDonación Comunidad de MadridjA-12008 aES-MaACLcDEPOhDonación Comunidad de MadridjROT 2/7/17